000 00573nam a2200229Ia 4500
001 49459
005 20240114003951.0
007 ta
008 090526s1935 g b000 u Eng u
040 _aCotton College,Assam
041 _aEng
082 _a823
_bB 318 P
100 _aBates, H. E. .
245 0 _aThe Poacher /
_cH. E. Bates.
_hTextual Documents
250 _a1st ed. /
260 _aLondon :
_bPenguins Books ,
_c1935.
300 _a254p. ;
_c16 cm..
653 _aT/G-English
942 _2ddc
_cBK
999 _c49424
_d49424